The unbearable lightness of being / (Registro nro. 14683)

000 -CABECERA
campo de control de longitud fija 02036nam a2200265 a 4500
001 - NÚMERO DE CONTROL
campo de control 1503027
003 - IDENTIFICADOR DEL NÚMERO DE CONTROL
campo de control OSt
005 - FECHA Y HORA DE LA ÚLTIMA TRANSACCIÓN
campo de control 20230221161008.0
008 - DATOS DE LONGITUD FIJA--INFORMACIÓN GENERAL
campo de control de longitud fija 151028s1984 nyud gr 00010 spa d
020 ## - NÚMERO INTERNACIONAL ESTÁNDAR DEL LIBRO
Número Internacional Estándar del Libro 9780060932138
040 ## - FUENTE DE LA CATALOGACIÓN
Centro catalogador/agencia de origen CO-BoBLA
Lengua de catalogación spa
Centro/agencia transcriptor CO-MqBPB
043 ## - CÓDIGO DE ÁREA GEOGRÁFICA
Código de área geográfica e-cs---
082 04 - NÚMERO DE LA CLASIFICACIÓN DECIMAL DEWEY
Número de clasificación AN
Número de documento/Ítem KUNu
100 1# - ENTRADA PRINCIPAL--NOMBRE DE PERSONA
Nombre de persona Kundera, Milan,
Fechas asociadas al nombre 1929-
245 13 - MENCIÓN DE TÍTULO
Título The unbearable lightness of being /
Mención de responsabilidad, etc. Milan Kundera ; translated from the Czech by Michael Henry Heim.
Resto del título Milán Kundera
260 ## - PUBLICACIÓN, DISTRIBUCIÓN, ETC.
Lugar de publicación, distribución, etc. Cambridge ;
-- Philadelphia ;
-- San Francisco :
Nombre del editor, distribuidor, etc. Harper % Row, Publisher,
Fecha de publicación, distribución, etc. 1984.
300 ## - DESCRIPCIÓN FÍSICA
Extensión 314 páginas :
Otras características físicas Tapa Blanda:
Dimensiones 21 cm.
500 ## - NOTA GENERAL
Nota general A young woman in love with a man torn between his love for her and his incorrigible womanizing; one of his mistresses and her humbly faithful lover—these are the two couples whose story is told in this masterful novel. In a world in which lives are shaped by irrevocable choices and by fortuitous events, a world in which everything occurs but once, existence seems to lose its substance, its weight. Hence, we feel The unbearable lightness of being not only as the consequence of our pristine actions but also in the public sphere, and the two inevitably intertwine. <br/><br/>Una joven enamorada de un hombre dividido entre su amor por ella y su incorregible mujeriego; una de sus amantes y su amante humildemente fiel: estas son las dos parejas cuya historia se cuenta en esta magistral novela. En un mundo en el que las vidas están moldeadas por elecciones irrevocables y por eventos fortuitos, un mundo en el que todo ocurre una sola vez, la existencia parece perder su sustancia, su peso. Por lo tanto, sentimos La insoportable levedad del ser no solo como consecuencia de nuestras acciones prístinas sino también en la esfera pública, y los dos se entrelazan inevitablemente.
650 #4 - PUNTO DE ACCESO ADICIONAL DE MATERIA--TÉRMINO DE MATERIA
Término de materia o nombre geográfico como elemento de entrada Novela checoslovaca.
650 ## - PUNTO DE ACCESO ADICIONAL DE MATERIA--TÉRMINO DE MATERIA
Término de materia o nombre geográfico como elemento de entrada Amor
Subdivisión de forma Novela.
650 #4 - PUNTO DE ACCESO ADICIONAL DE MATERIA--TÉRMINO DE MATERIA
Término de materia o nombre geográfico como elemento de entrada Filosof�a
Subdivisión de forma Novela.
700 1# - PUNTO DE ACCESO ADICIONAL--NOMBRE DE PERSONA
Nombre de persona Heim, Michael Henry,
Fechas asociadas al nombre 1943-2012.
942 ## - ELEMENTOS DE PUNTO DE ACCESO ADICIONAL (KOHA)
Fuente del sistema de clasificación o colocación
Tipo de ítem Koha Libro Literatura
949 ## - PROCESAMIENTO DE INFORMACIÓN LOCAL (OCLC)
a n
b n
Existencias
Estado de retiro Estado de pérdida Fuente del sistema de clasificación o colocación Estado dañado No para préstamo Código de colección Localización permanente Ubicación/localización actual Fecha de adquisición Fuente de adquisición Total de préstamos Renovaciones totales Signatura topográfica completa Código de barras Fecha visto por última vez Fecha del último préstamo Número de copia Precio válido a partir de Tipo de ítem Koha Nota pública
          Literatura Adulto Biblioteca Pública San Juan Bosco Biblioteca Pública San Juan Bosco 05/01/2023 Compra 2 2 AN KUNu MOS502852 10/07/2025 28/05/2025 ej 1 05/01/2023 Libro Literatura Quince dias

© Todos los derechos reservados para la Biblioteca Pública Municipal San Juan Bosco, 2020
Secretaria de Cultura de Mosquera
Carrera 3 N° 10 Esquina Centro Cultural Barrio El Carmén Teléfono: 8270830 Ext: 34
Funcionando con KOHA
Contacto: Biblioteca Pública Municipal San Juan Bosco/ bibliotecasanjuanbosco@mosquera-cundinamarca.gov.co
Mosquera, Cundinamarca